[Event "Sant Boi op"]
[Site "Sant Boi de Llobregat"]
[Date "2016.11.05"]
[Round "6.5"]
[White "Martin Artacho, Nicolas"]
[Black "Gonzalez Jurado, Miguel Angel"]
[Result "0-1"]
[WhiteElo "1203"]
[BlackElo "1712"]
[PlyCount "46"]
[EventDate "2016.10.01"]
[EventType "tourn"]
[EventRounds "9"]
[EventCountry "ESP"]
[SourceTitle "EXT 2024"]
[Source "ChessBase"]
[SourceDate "2023.10.10"]
[SourceVersion "1"]
[SourceVersionDate "2023.10.10"]
[SourceQuality "1"]

1. d4 d5 2. e3 Nf6 3. h3 Nc6 4. c3 Bf5 5. Nd2 e6 6. f4 Bd6 7. Ngf3 Qe7 8. Ne5 0-0 9. Be2 Ne4 10. 0-0 Qh4 11. Ndf3 Qg3 12. Kh1 Nf2+ 13. Rxf2 Qxf2 14. Bb5 Nxe5 15. fxe5 Be7 16. Bd3 Bxd3 17. Qxd3 f6 18. Bd2 fxe5 19. Nxe5 Rf5 20. g4 Rff8 21. Nd7 Qf3+ 22. Kg1 Qg3+ 23. Kh1 Rf2 0-1